000
00309 a2200145 4500
001
171571
020
_a
040
_c
Magnum
100
_a
Mazzetti, Maria
240
1
0
_a
Está quente, está frio
_l
por
245
1
0
_a
Está quente, está frio
300
_a
12
697
_a
LITERATURA INFANTO
942
_c
BK
999
_c
171571
_d
171571